• 首页
  • 本馆介绍
  • 公告通知
  • 最新文献
  • 馆藏检索
  • 电子资源
  • 读者导购
  • 参考咨询
  • 我的图书馆
  • 登录
  • 详细信息显示
  • 放入我的书架
  • 预约/预借图书
  • 作者相关作品
  • 分类相关作品
  • 丛书相关作品
  • 出版社相关作品

书目信息

  • 表格格式
  • 工作单格式
  • 卡片格式
题名:
字调和语调
    
 
作者: 蒋维松 , 殷焕先 著
分册:  
出版信息:   新知识出版社  1957
页数: 87页
开本: 20cm
丛书名:
单 册:
中图分类: H116.1
科图分类:
主题词: 汉语--语音 , 汉语--音韵学
电子资源:
ISBN:
000 00625nam0 2200229 450
001 0763720955
005 20070926174429.96
010    @dCNY0.24
091    @a9076.40
100    @a20070926d1957 km y0chiy0120 ea
101 0  @achi
200 1  @a字调和语调@Azi diao he yu diao@f蒋维松,殷焕先著@Fjiang wei song,yin huan xian zhu
210    @c新知识出版社@d1957
215    @a87页@d20cm
300    @a汉语知识讲话
606 0  @a汉语@x语音
606 0  @a汉语@x音韵学
690    @aH116.1@v3
701  0 @a蒋维松@Ajiang wei song@4著
701  0 @a殷焕先@Ayin huan xian@4著
801  0 @aCN@bPFT@c20070926
905    @a10447@dH116.1@e107
    
    字调和语调/蒋维松,殷焕先著.-新知识出版社,1957
    87页;20cm
    汉语知识讲话
    
    ISBN :CNY0.24
    
●
相关链接 在E读中查询图书 在五车中查询图书 在当当中查询图书 在豆瓣中查询图书


正题名:字调和语调     索取号:H116.1/107         预约/预借

序号 登录号 条形码 馆藏地/架位号 状态 备注
1 0624735   206247355   第二样本阅览室/ [索取号:H116.1/107] 在馆    
唐山师范学院图书馆 欢迎您!
大连网信软件有限公司© 版权所有